00443nam a22001577a 450000500170000001000150001702000110003203500130004303700130005608200080006910000140007724500410009126000360013227000880016830000290025620160112104221.0 aENG-114418 c325.00 aEN-97950 bDBAD/PUB a515 aDas, A.N. aMathematical analysis /cby A.N. Das aKolkatabBooks And Alliedc2013 aNo. 1-E(1), 'Shubham Plaza' (1st Floor) 83/1, Beliaghata Main RoadbKolkatae700010 aV.1(vi,510p.)c24cm(pbk)